Advanced engineering mathematics (Record no. 6478)

MARC details
000 -LEADER
fixed length control field 00435 a2200169 4500
001 - CONTROL NUMBER
control field 132093
003 - CONTROL NUMBER IDENTIFIER
control field OSt
005 - DATE AND TIME OF LATEST TRANSACTION
control field 20211011111024.0
008 - FIXED-LENGTH DATA ELEMENTS--GENERAL INFORMATION
fixed length control field
082 ## - DEWEY DECIMAL CLASSIFICATION NUMBER
Classification number 510.2462
Item number R18A
100 1# - MAIN ENTRY--PERSONAL NAME
Personal name Rao, H.S. Govinda
245 1# - TITLE STATEMENT
Title Advanced engineering mathematics
Statement of responsibility, etc by H.S. Govinda Rao
260 ## - PUBLICATION, DISTRIBUTION, ETC. (IMPRINT)
Place of publication, distribution, etc New Delhi
Name of publisher, distributor, etc Viva Books
Date of publication, distribution, etc 2009
300 ## - PHYSICAL DESCRIPTION
Extent 490p.
690 ## - LOCAL SUBJECT ADDED ENTRY--TOPICAL TERM (OCLC, RLIN)
Topical term or geographic name as entry element Engineering mathematics
942 ## - ADDED ENTRY ELEMENTS (KOHA)
Source of classification or shelving scheme Dewey Decimal Classification
Koha item type Books
Holdings
Withdrawn status Lost status Source of classification or shelving scheme Damaged status Not for loan Collection code Home library Current library Date acquired Source of acquisition Cost, normal purchase price Total Checkouts Full call number Barcode Date last seen Date checked out Price effective from Koha item type
    Dewey Decimal Classification     General Text Book Central University Of Rajasthan Central University Of Rajasthan 08/06/2012 PHY 295.00 1 510.2462 R18A 8874 07/03/2025 28/02/2025 02/09/2020 Books